000 00661nam a2200289Ia 4500
005 20260324150539.0
008 008 260324s9999 xx 000 0 eng d
020 _a9781315013824
037 _aEBOOK
040 _aCRL
040 _beng
040 _cCRL
041 _2eng
041 _aeng
084 _qCRL
100 _aE. J. R. Primrose
_91226793
245 0 _aPsychological Illness
245 2 _bA community study
260 _bTaylor and Francis
260 _c1962
365 _a
365 _b350
856 _uhttp://www.taylorfrancis.com/books/9781315013824
942 _cEBOOK
999 _c1836424
_d1836424